000 00735nam a2200205Ia 4500
003 GCL
008 140319s9999 xx 000 0 ara d
020 _a2129310977
040 _aGCL /
_cGCL
082 0 4 _aط
_b371.92
_bم م
100 1 _aمحمد ابراهيم عبدالحميد
245 1 0 _aمهارات رعاية الذات /
_cمحمد ابراهيم عبدالحميد
260 _aالقاهرة :
_bدار الفكر العربى ،
_c1999
300 _a:
_bايض ؛
_c15 سم
490 _aسلسلة الفكر العربى فى التربية الخاصة
_v5
650 0 4 _aضعاف العقول
650 0 4 _aالاطفال، رعاية ذهنية
650 0 4 _aالاطفال المعوقون
942 _2ddc
_cBK
999 _c9552
_d9552